Influencia de las redes sociales en el rendimiento académico de los estudiantes de Instrumentación Quirúrgica en una institución de educación superior de la ciudad de Cartagena en el 1p-2025 / (Registro nro. 49014)
[ vista simple ]
| 000 -LEADER | |
|---|---|
| fixed length control field | 02227nam a2200265 4500 |
| 003 - CONTROL NUMBER IDENTIFIER | |
| control field | CO-CtgCURN |
| 005 - DATE AND TIME OF LATEST TRANSACTION | |
| control field | 20250617154603.0 |
| 008 - FIXED-LENGTH DATA ELEMENTS--GENERAL INFORMATION | |
| fixed length control field | 190415s2025 000 0 eng d |
| 040 ## - CATALOGING SOURCE | |
| Original cataloging agency | CO-CtgCURN |
| Language of cataloging | spa |
| Transcribing agency | coctgcurn |
| 082 0# - DEWEY DECIMAL CLASSIFICATION NUMBER | |
| Classification number | INQ 2025 |
| Item number | C263 |
| 100 1# - MAIN ENTRY--PERSONAL NAME | |
| Personal name | Carballo devoz Andrés Felipe. |
| 245 10 - TITLE STATEMENT | |
| Title | Influencia de las redes sociales en el rendimiento académico de los estudiantes de Instrumentación Quirúrgica en una institución de educación superior de la ciudad de Cartagena en el 1p-2025 / |
| Statement of responsibility, etc. | Andres Felipe Carballo Devoz; Diana Vanesa Vega Mejia; Luis Angel Arellano Martinez; Zaida Marcela Valencia Rodelo; Asesor: Claudia Patricia Paternina Hernández. |
| 260 ## - PUBLICATION, DISTRIBUTION, ETC. | |
| Place of publication, distribution, etc. | Cartagena de Indias : |
| Name of publisher, distributor, etc. | Corporación Universitaria Rafael Núñez, |
| Date of publication, distribution, etc. | 2025. |
| 300 ## - PHYSICAL DESCRIPTION | |
| Extent | 77 hojas. |
| 504 ## - BIBLIOGRAPHY, ETC. NOTE | |
| Bibliography, etc. note | Trabajo de grado (Instrumentación quirúrgica). Corporación Universitaria Rafael Núñez. Facultad de Ciencias de la Salud. Instrumentación Quirúrgica, 2025. |
| 520 ## - SUMMARY, ETC. | |
| Summary, etc. | "El impacto de las redes sociales en el rendimiento académico de los estudiantes universitarios es un fenómeno creciente que genera tanto interés como preocupación en el ámbito educativo. En este contexto, se llevó a cabo una investigación con el objetivo general de determinar la influencia de las redes sociales en el rendimiento académico de los estudiantes del programa de Instrumentación Quirúrgica de la Corporación Universitaria Rafael Núñez, durante el primer periodo académico del ao 2025. Este estudio permitió analizar no solo los aspectos académicos, sino también las características sociodemográficas y los hábitos digitales de los estudiantes. " |
| 650 #0 - SUBJECT ADDED ENTRY--TOPICAL TERM | |
| Topical term or geographic name entry element | Instrumentación quirúrgica |
| Form subdivision | Tesis y disertaciones academicas. |
| 700 1# - ADDED ENTRY--PERSONAL NAME | |
| Personal name | Vega Mejia, Diana Vanesa. |
| 700 1# - ADDED ENTRY--PERSONAL NAME | |
| Personal name | Arellano Martinez, Luis Angel. |
| 700 1# - ADDED ENTRY--PERSONAL NAME | |
| Personal name | Valencia Rodelo, Zaida Marcela. |
| 700 1# - ADDED ENTRY--PERSONAL NAME | |
| Personal name | Paternina Hernández, Claudia Patricia, |
| Relator term | Asesor. |
| 856 ## - ELECTRONIC LOCATION AND ACCESS | |
| Uniform Resource Identifier | <a href="https://unicurn.sharepoint.com/:b:/s/biblioteca/Eeb72G-VsVxHihqLNz2L_UMBK4pN4idxL1cSfe6TSq1wpg?e=HFtirB">https://unicurn.sharepoint.com/:b:/s/biblioteca/Eeb72G-VsVxHihqLNz2L_UMBK4pN4idxL1cSfe6TSq1wpg?e=HFtirB</a> |
| Public note | Click aqui para ver el recurso en texto completo |
| 942 ## - ADDED ENTRY ELEMENTS (KOHA) | |
| Source of classification or shelving scheme | Dewey Decimal Classification |
| Koha item type | Trabajos de grado |
| Classification part | INQ 2025 |
| Item part | C263 |
| Suppress in OPAC | No |
| Withdrawn status | Lost status | Source of classification or shelving scheme | Damaged status | Not for loan | Collection | Home library | Current library | Shelving location | Date acquired | Source of acquisition | Cost, normal purchase price | Inventory number | Total checkouts | Full call number | Barcode | Date last seen | Price effective from | Koha item type |
|---|---|---|---|---|---|---|---|---|---|---|---|---|---|---|---|---|---|---|
| Dewey Decimal Classification | Trabajos de grado | Miguel Henríquez Emiliani | Miguel Henríquez Emiliani | Trabajo de grado | 06/01/2019 | El autor | 350000.00 | 025505 | INQ 2025 C263 | 025505 | 06/20/2019 | 06/20/2019 | Trabajos de grado |